| 000 | 00461nam a2200145 a 4500 | ||
|---|---|---|---|
| 001 | 3454 | ||
| 003 | CDMR | ||
| 005 | 20151022114802.0 | ||
| 008 | 130130s1997||||||||||||||||||||||||||||d | ||
| 040 |
_aCDMR _bcat _cCDMR |
||
| 110 | 2 |
_994 _aSocietat Catalana de Comunicació |
|
| 245 | 1 | 0 |
_aSocietat Catalana de Comunicació _b: història, estatuts i directori |
| 260 |
_aBarcelona _c1997 _bInstitut d'Estudis Catalans. Societat Catalana de Comunicació |
||
| 942 |
_cMON _2udc |
||
| 999 |
_c3454 _d3454 |
||